Normal view
MARC view
- Nurse's role.
Entry Topical Term
001 - CONTROL NUMBER
- control field: 5901
003 - CONTROL NUMBER IDENTIFIER
- control field: URS
005 - DATE AND TIME OF LATEST TRANSACTION
- control field: 20240718183947.0
008 - FIXED-LENGTH DATA ELEMENTS
- fixed length control field: 240718|| aca||babn | a|a d
040 ## - CATALOGING SOURCE
- Original cataloging agency: URS
150 ## - HEADING--TOPICAL TERM
- Topical term or geographic name entry element: Nurse's role.